| 000 | 00495nmm a2200157Ia 4500 | ||
|---|---|---|---|
| 008 | 251105s9999||||xx |||||||||||||||||und|| | ||
| 020 | _a0958067546 | ||
| 041 | _aspa | ||
| 100 | _aEliecer Ordonñez Z., Jorge | ||
| 245 | 0 | _aGuía de lectura de : El principito, de Antoine de Saint-Expury | |
| 264 |
_a[Bogotá, Colombia] : _bOveja Negra, _c1996 |
||
| 300 | _a42 páginas | ||
| 650 | _aFrench Literature and language | ||
| 856 | _uhttps://public.digitaliapublishing.com/a/29502 | ||
| 942 | _cCF | ||
| 999 |
_c72978 _d72978 |
||